000 01075 a2200229 4500
003 Nust
005 20220725094754.0
010 _a 75011751
020 _a0914894544 :
040 _cNust
082 0 0 _a004.16,DIG
245 0 0 _aDigital system design automation :
_blanguages, simulation & data base /
_cedited by Melvin A. Breuer ; contributing authors, M. H. MacDougall ... [et al.].
260 _aWoodland Hills, Calif. :
_bComputer Science Press,
_c[1975]
300 _axiii, 417 p. :
_bill. ;
_c24 cm.
440 0 _aDigital system design series
_993881
505 _aSystem Level Simulation (Page-1), Register Transfer Languages And Their Translation (Page-117), Register Transfer Language Simulation (Page-219), Design Automation Aids To Microprogramming (Page-271), Data Structures, Data Base And File Maintenance (Page-323)
650 0 _aDigital electronics
_xData processing.
_994834
650 0 _aElectronic circuit design
_xData processing.
_994835
700 1 _aBreuer, Melvin A.
_994836
700 1 _aMacDougall, M. H.
_994837
942 _2ddc
_cBK
_k004.16,DIG
999 _c176748
_d176748